Szczegóły MARC21

Elementy bankowości i finansów publicznych : praca zbiorowa /

005 -DATA I CZAS OSTATNIEJ MODYFIKACJI [,]
    • @
    • pole kontrolne
    • 20100901124512.0
020 -Międzynarod. znormalizowany nr książki - ISBN [ , ]
    • a
    • Numer ISBN
    • 8390364301 Find
040 -Instytucja sporządzająca opis [ , ]
    • a
    • Instytucja, która sporządziła opis (NP)
    • SZCZ U
    • c
    • Instytucja, która sporządziła rekord (NP)
    • SZCZ U
    • d
    • Instytucja, która zmodyfikowała rekord (P)
    • SZCZ U/AP
041 -Język dokumentu [0, ]
    • a
    • Język tekstu (P)
    • polski
044 -Kraj miejsca wydania [ , ]
    • a
    • Kraj miejsca wydania
    • Polska
942 -Rodzaj dokumentu [ , ]
    • c
    • Rodzaj dokumentu
    • Książka
245 -Strefa tytułu i oznaczenia odpowiedzialności [0,0]
    • a
    • Tytuł
    • Elementy bankowości i finansów publicznych : Find
    • b
    • Ciąg dalszy tytułu (NP)
    • praca zbiorowa / Find
    • c
    • Pozostałe elementy strefy tytułu i oznaczenia odpowiedzialności (NP)
    • pod red. nauk. Stanisława Flejterskiego i Adama Szewczuka ; Polskie Towarzystwo Ekonomiczne.
260 -Strefa adresu wydawniczego [ , ]
    • a
    • Miejsce wydania (P)
    • Szczecin :
    • b
    • Nazwa wydawcy (P)
    • PTE,
    • c
    • Data wydania (P)
    • 1995.
300 -Strefa opisu fizycznego [ , ]
    • a
    • Określenie formy książki i/lub objętość (NP)
    • 303 s. :
    • b
    • Oznaczenie ilustracji (NP)
    • il. ;
    • c
    • Format (NP)
    • 24 cm.
504 -Uwaga dot. bibliogr. załącznikowej [ , ]
    • a
    • Uwaga dot. bibliografii załącznikowej
    • Bibliogr.
080 -Uniwersalna Klasyfikacja Dziesiętna [ , ]
    • 2
    • Identyfikator wydania tablic
    • UDC-P058
    • 9
    • UKD
    • 3121
    • a
    • Symbol klasyfikacji
    • 336
    • b
    • Dopowiedzenie
    • Finanse. Finanse publiczne. Cła. Bankowość. Pieniądz.
980 -Symbol UKD [ , ]
    • a
    • UKD
    • 336(075.8)
700 -Hasło dodatkowe - nazwa osobowa [1, ]
    • 9
    • KHW
    • 16
    • a
    • Nazwa osobowa (NP)
    • Flejterski, Stanisław Find
    • d
    • Daty biograficzne (NP)
    • (1948- ).
    • e
    • Określenie rodzaju współpracy
    • Red.
700 -Hasło dodatkowe - nazwa osobowa [1, ]
    • 9
    • KHW
    • 41007
    • a
    • Nazwa osobowa (NP)
    • Szewczuk, Adam Find
    • d
    • Daty biograficzne (NP)
    • (1945-2011).
    • e
    • Określenie rodzaju współpracy
    • Red.
710 -Hasło dodatkowe - nazwa ciała zbiorowego [2, ]
    • 9
    • KHW
    • 16777
    • a
    • Nazwa ciała zbiorowego lub nazwa geograficzna jako pierwszy element (NP)
    • Polskie Towarzystwo Ekonomiczne.
920 -ISBN [ , ]
    • z
    • Błędny ISBN
    • 83-90-36-43-0-1 Find
Status udost. Numer inwentarzowy Lokalizacja Data inwentaryzacji
-6T.6431T2002-03-04
-3TM.5446T2008-03-17